000 00320nam a2200121Ia 4500
005 20251222155204.0
008 251222s9999||||xx |||||||||||||| ||spa||
082 _aMEQ.199.1-2/Ej.2
100 _aCICAT SALUD
245 0 _aTécnicas de instrumentación y estirilización en el Quiróf
264 _bEsSalud
942 _cLIB
999 _c40061
_d40061